Konkurencieschopnosť malých a stredných podnikov v podmienkach novej ekonomiky

Definícia novej ekonomiky. Čo prináša nová ekonomika pre rozvoj podnikateľských subjektov a zvyšovanie ich konkurencieschopnosti. Informácie a informačné technológie - akcelerátor zmien v ekonomike. Zmeny v podnikateľskom prostredí. Fenomén globalizácie. Znalosti a ich riadenie - základný faktor úsp...

Descrizione completa

Salvato in:
Dettagli Bibliografici
Autore principale: Bažó, Ladislav, 1980-
Natura: Capitolo di libro
Lingua:slovacco
Soggetti:
Tags: Aggiungi Tag
Nessun Tag, puoi essere il primo ad aggiungerne!!

MARC

LEADER 00000naa$a2200000$$$4500
001 0051011
005 20240502071605.9
041 0 |a slo 
044 |a SK 
245 1 0 |a Konkurencieschopnosť malých a stredných podnikov v podmienkach novej ekonomiky  |c Ladislav Bažó 
520 |a Definícia novej ekonomiky. Čo prináša nová ekonomika pre rozvoj podnikateľských subjektov a zvyšovanie ich konkurencieschopnosti. Informácie a informačné technológie - akcelerátor zmien v ekonomike. Zmeny v podnikateľskom prostredí. Fenomén globalizácie. Znalosti a ich riadenie - základný faktor úspechu. 
610 2 0 |a ekonomika nová 
610 2 0 |a podnik malý 
610 2 0 |a podnik stredný 
610 2 0 |a prostredie podnikateľské 
610 2 0 |a konkurencieschopnosť 
610 2 0 |a informácie 
610 2 0 |a technológie informačné 
610 2 0 |a vedomosti 
610 2 0 |a riadenie 
610 2 0 |a globalizácia 
100 1 |a Bažó, Ladislav, 1980-